| 000 | 01264nam0a2200301 i 4500 | ||
|---|---|---|---|
| 001 | RU\NLR\bibl\1950461 | ||
| 005 | 20260405233446.0 | ||
| 010 |
_a9785443900346 _9800 |
||
| 021 |
_aRU _b2012-67459 _94945 |
||
| 035 | _a(NLR Aleph) 001939613 | ||
| 090 |
_a3547304 _c3547304 |
||
| 100 | _a20121002d2012 u y0rusy50 ca | ||
| 101 | 0 | _arus | |
| 102 | _aRU | ||
| 105 | _aa ||||||||| | ||
| 200 | 1 |
_aУмное число _eбабушкины сказки _e[для детей младшего школьного возраста] _fЕ.Г. Козлова |
|
| 210 |
_aМосква _cМЦНМО _d2012 |
||
| 215 |
_a80 с. _cил., цв. ил., портр. _d29 |
||
| 606 | 1 |
_aМатематика _xЗадачи _xРешение _xМетодика преподавания _xНачальная школа _91332211 _3RU\NLR\auth\66554320 |
|
| 606 |
_aШкольные математические кружки _91580998 _3RU\NLR\auth\66693823 |
||
| 686 | _aЧ426.24-2,01 | ||
| 686 | _aЧ426.24-382.71 | ||
| 700 | 1 |
_4070 _8rus _7ca _aКозлова _bЕ. Г. _cканд. физ.-мат. наук _gЕлена Георгиевна _3RU\NLR\auth\77107172 _990097 |
|
| 801 | 0 |
_aRU _bNLR _c20121002 _gRCR |
|
| 801 | 1 |
_aRU _bNLR _c20121002 |
|
| 942 | _cBOOK | ||
| 980 | _aNBR | ||